Πύλος : μελέτη διαχείρισης και ανάδειξης του πολιτισμικού τοπίου του όρμου του Ναβαρίνου : μεταπτυχιακή διατριβή

Αποθηκεύτηκε σε:
Λεπτομέρειες βιβλιογραφικής εγγραφής
Κύριος συγγραφέας: Βαλσαμάκη, Ηρώ-Αλεξάνδρα Δ.
Συλλογικό Έργο: Εθνικό και Καποδιστριακό Πανεπιστήμιο Αθηνών Τμήμα Ιστορίας και Αρχαιολογίας Διατμηματικό Πρόγραμμα Μεταπτυχιακών Σπουδών Διαχείριση Μνημείων: Αρχαιολογία, Πόλη και Αρχιτεκτονική, Πανεπιστήμιο Πατρών Τμήμα Αρχιτεκτόνων Μηχανικών, Πανεπιστήμιο Αιγαίου. Σχολή Κοινωνικών Επιστημών. Τμήμα Πολιτισμικής Τεχνολογίας και Επικοινωνίας
Άλλοι συγγραφείς: Πολυχρονάκου-Σγουρίτσα, Παναγιώτα (dgsf)
Μορφή: Thesis Βιβλίο
Γλώσσα:Greek
Δημοσίευση: 2012.
Θέματα:
Ετικέτες: Προσθήκη ετικέτας
Δεν υπάρχουν, Καταχωρήστε ετικέτα πρώτοι!

MARC

LEADER 00000cam a2200000 a 4500
001 1/108285
008 150901s2012####gr a ||| |||| ||gre||
040 |a GR-MyUa  |b gre  |c GR-MyUa  |e AACR2 
041 0 |a gre 
082 7 |a 930.1   |2 (23)  
100 1 |a Βαλσαμάκη, Ηρώ-Αλεξάνδρα Δ. 
245 1 0 |a Πύλος :   |b μελέτη διαχείρισης και ανάδειξης του πολιτισμικού τοπίου του όρμου του Ναβαρίνου : μεταπτυχιακή διατριβή /   |c Ηρώ-Αλεξάνδρα Δ. Βαλσαμάκη ; επιβλέπουσα: Παναγιώτα Πολυχρονάκου-Σγουρίτσα.  
260 |c 2012.  
300 |a 166 σ. :   |b εικ. ;   |c 30 εκ.  
502 |a Διατριβή (μεταπτυχιακή) - Εθνικό και Καποδιστριακό Πανεπιστήμιο Αθηνών, Αθήνα, 2012.  
502 |a Διατριβή (μεταπτυχιακή) - Πανεπιστήμιο Πατρών, Πάτρα, 2012.  
502 |a Διατριβή (μεταπτυχιακή) - Πανεπιστήμιο Αιγαίου, Λέσβος, 2012.  
504 |a Περιλαμβάνει βιβλιογραφία και παράρτημα.  
650 0 |a Archaeology  |z Greece  |z Pylos. 
651 0 |a Pylos (Greece)  |x Antiquities. 
700 1 |a Πολυχρονάκου-Σγουρίτσα, Παναγιώτα,  |e dgsf 
710 2 |a Εθνικό και Καποδιστριακό Πανεπιστήμιο Αθηνών  |b Τμήμα Ιστορίας και Αρχαιολογίας  |b Διατμηματικό Πρόγραμμα Μεταπτυχιακών Σπουδών Διαχείριση Μνημείων: Αρχαιολογία, Πόλη και Αρχιτεκτονική. 
710 2 |a Πανεπιστήμιο Πατρών  |b Τμήμα Αρχιτεκτόνων Μηχανικών. 
710 2 |a Πανεπιστήμιο Αιγαίου.   |b Σχολή Κοινωνικών Επιστημών.   |b Τμήμα Πολιτισμικής Τεχνολογίας και Επικοινωνίας. 
852 |a INST  |b LESVOS  |c DIATR  |e 20150901  |h 8  |p 005100058045  |q 005100058045  |t MTXE  |y 23 
924 |a Βαλσαμάκη   |b Ηρώ-Αλεξάνδρα  |y Λέσβος  |z 2012-05 
970 |a Τζαφέρη  |b Ευαγγελία  |z 02-09-2015